Score 0/36 Timer 06:00
0 Plays Today
Hint Answer % Correct
Tom and Jerry
94.9%
Popeye The Sailor
91.9%
Winston Churchill
91.7%
Mahatma Gandhi
90.1%
Pinocchio
89.3%
 
▼    Gaming    ▼
 
Slinky
89.2%
Joseph Stalin
87.5%
 
▼    History    ▼
 
Franklin D. Roosevelt
86.6%
Chutes and Ladders
85.4%
Casablanca
85.3%
Louis Armstrong
82.9%
Yo-yo
79.9%
 
▼    Television    ▼
 
The Three Stooges
78.8%
The Lone Ranger
77.6%
 
▼    Movies    ▼
 
It's a Wonderful Life
75.4%
 
▼    Music    ▼
 
Frank Sinatra
73.5%
Army Men
73.5%
Clue(do)
69.9%
Hint Answer % Correct
Bing Crosby
65.1%
Silly Putty
64.8%
Joe DiMaggio
64.5%
Katharine Hepburn
61%
Nat King Cole
58.5%
Jackie Robinson
57.4%
Citizen Kane
55.5%
Ella Fitzgerald
54%
Howdy Doody
50.5%
The Ed Sullivan Show
49.2%
 
▼    Sports    ▼
 
Ted Williams
46.7%
The Great Dictator
45.5%
Eva Perón
40.6%
Joe Louis
38.6%
Meet Me in St. Louis
38%
Babe Didrikson Zaharias
26.3%
Ben Hogan
20.9%
Dinah Shore
19.2%
Come Together.
Have Fun.
All Virtual.
We all need to come together. Play Sporcle's virtual live trivia to have fun, connect with people, and get your trivia on. Join a live hosted trivia game for your favorite pub trivia experience done virtually. If a virtual private party is more your thing, go here for details.

You're not logged in!

Compare scores with friends on all Sporcle quizzes.
OR
Log In

Sporcle TV

Today on Sporcle TV


Watch our educational content, quiz creation guides, and fun videos on Sporcle TV.

Show Comments

Extras

Top Quizzes Today


Score Distribution

Paid Content

Your Account Isn't Verified!

In order to create a playlist on Sporcle, you need to verify the email address you used during registration. Go to your Sporcle Settings to finish the process.

Report this User

Report this user for behavior that violates our Community Guidelines.

Details: